| 000 | 00404nam a2200121Ia 4500 | ||
|---|---|---|---|
| 008 | 220620s9999||||xx |||||||||||||| ||und|| | ||
| 245 | 0 | _aPharmacovigilance | |
| 546 | _aEnglish[eng] | ||
| 650 | _aPublic health & preventive medicine | ||
| 700 | _aKothari, Charmy S.||Shah, Manan||Manthan Patel, Rajvi | ||
| 856 | _uhttps://mts.intechopen.com/storage/books/7498/authors_book/authors_book.pdf | ||
| 942 | _cEB | ||
| 999 |
_c30416 _d30416 |
||